Tour of European Capitals Quiz Stats

Quiz Updated Jul 14, 2016

Also try: World Capitals A-Z
Challenge
Share
Tweet
Score 0/47 Timer 20:00
13 Plays Today
% Correct
London, United Kingdom
99.4%
Moscow, Russia
93.2%
Athens, Greece
92.1%
Amsterdam, Netherlands
81.3%
Paris, France
72.9%
Berlin, Germany
64%
Copenhagen, Denmark
62.1%
Vatican City, Vatican City
59.2%
Budapest, Hungary
53.4%
Ankara, Turkey
48.3%
Monaco, Monaco
44%
Prague, Czechia
43.8%
Stockholm, Sweden
40%
San Marino, San Marino
37.7%
Madrid, Spain
37.3%
Brussels, Belgium
34.3%
Rome, Italy
33.3%
Kyiv, Ukraine
31.4%
Oslo, Norway
30.8%
Reykjavik, Iceland
30.4%
Warsaw, Poland
29.8%
Vienna, Austria
29.3%
Bern, Switzerland
29.3%
Tirana, Albania
29.1%
% Correct
Helsinki, Finland
26.7%
Dublin, Ireland
26.2%
Lisbon, Portugal
26.1%
Sofia, Bulgaria
26.1%
Vaduz, Liechtenstein
25.4%
Luxembourg, Luxembourg
25.3%
Andorra la Vella, Andorra
25.1%
Tallinn, Estonia
23.3%
Ljubljana, Slovenia
22.8%
Riga, Latvia
22.4%
Bratislava, Slovakia
22.1%
Chisinau, Moldova
22.1%
Vilnius, Lithuania
21.1%
Sarajevo, Bosnia & Herzegovina
20.7%
Bucharest, Romania
20.6%
Valletta, Malta
20%
Zagreb, Croatia
20%
Belgrade, Serbia
19.7%
Nicosia, Cyprus
19.5%
Minsk, Belarus
19.5%
Skopje, Macedonia
17.5%
Pristina, Kosovo
16.8%
Podgorica, Montenegro
15.9%

You're not logged in!

Compare scores with friends on all Sporcle quizzes.
Sign Up with Email
OR
Log In

You Might Also Like...

Show Comments

Extras

Top Quizzes Today


Score Distribution

Your Account Isn't Verified!

In order to create a playlist on Sporcle, you need to verify the email address you used during registration. Go to your Sporcle Settings to finish the process.